000
00334nam a2200145Ia 4500
008
150201s2007 xx 000 0 und d
082
_a
615
_b
P07S
100
_a
SINGHAL, K.C.
245
_a
PHARMACOLOGY LABORATORY MANUAL
250
_a
2ND
260
_b
CBS
_a
DELHI
_c
2007
300
_a
1-66
650
_a
PHARMACOLOGY
942
_2
ddc
_c
BK
999
_c
263
_d
263